| 000 | 00410nam a2200169Ia 4500 | ||
|---|---|---|---|
| 008 | 230524s9999 xx 000 0 und d | ||
| 020 | _a9781259006760 | ||
| 082 | _bGAM | ||
| 100 | _aM L Gambhir | ||
| 245 | 0 | _aFundamentals of Structural Steel Design | |
| 250 | _a2 | ||
| 260 |
_aNew Delhi _bWiley India _c2013 |
||
| 300 | _a"XI, L.Lp;" | ||
| 500 | _aQuantity Number: 1 | ||
| 650 | _aCivil | ||
| 942 | _cBK | ||
| 999 |
_c57861 _d57861 |
||